Largest Cities of Bolivia - Statistics

General Stats
  • This quiz has been taken 435 times
  • The average score is 7 of 20
Answer Stats
Population City % Correct
764,617 La Paz
100%
259,388 Sucre
94%
1,453,549 Santa Cruz de la Sierra
84%
630,587 Cochabamba
72%
189,652 Potosi
56%
848,840 El Alto
55%
264,683 Oruro
49%
205,346 Tarija
42%
106,422 Trinidad
31%
89,003 Riberalta
19%
46,267 Cobija
18%
109,518 Montero
16%
137,029 Quillacollo
15%
96,406 Warnes
15%
169,494 Sacaba
13%
91,998 Yacuiba
13%
89,080 La Guardia
10%
45,519 Cotoca
8%
53,062 Tiquipaya
8%
41,775 Guayaramerin
7%
No matching quizzes found
Score Distribution
Percent of People with Each Score
Percentile by Number Answered
Your Score History
You have not taken this quiz